[Event "45th Olympiad 2024"]
[Site "Budapest HUN"]
[Date "2024.09.13"]
[Round "3.5"]
[Board "4"]
[White "Kozul, Zdenko"]
[Black "Vokhidov, Shamsiddin"]
[Result "0-1"]
[WhiteElo "2515"]
[BlackElo "2650"]
[PlyCount "136"]
[EventDate "2024.09.11"]
[WhiteTeam "Croatia"]
[BlackTeam "Uzbekistan"]
[WhiteTeamCountry "CRO"]
[BlackTeamCountry "UZB"]

1. d4 Nf6 2. Nf3 e6 3. c4 d5 4. Nc3 Be7 5. e3 O-O 6. a3 b6 7. cxd5 exd5 8. Be2 c5 9. O-O ({RR} 9. b3 Nc6 10. O-O cxd4 11. Nxd4 Nxd4 12. Qxd4 Bc5 13. Qd3 a5 14. Rd1 Qe7 15. Bb2 Rd8 16. Bf3 Ba6 17. Qf5 Qe6 18. g4 g6 19. Qxe6 fxe6 20. g5 Ne8 21. Na4 Be7 22. Bg4 Kf7 23. Rac1 Bxg5 {½-½ Fedoseev,V (2685)-Van Foreest,J (2691) ESP-chT CECLUB Honor 2022 (1.4)}) 9... Bb7 10. b3 ({RR} 10. Ne5 Nbd7 11. f4 a6 12. Bf3 cxd4 13. exd4 b5 14. Qd3 Nb6 15. g4 Nc4 16. g5 Nxe5 17. dxe5 Bc5+ 18. Kg2 Ne4 19. b4 Ba7 20. Ne2 Rc8 21. Bb2 Rc4 22. Ng3 Qc7 23. Rae1 Rc8 24. Re2 Nc3 {0-1 Kurajica,B (2418)-Villavicencio Martinez,A (2192) 6th San Cristobal Open 2024 (8.12)}) 10... Na6 $146 ({RR} 10... Nbd7 11. Bb2 Rc8 12. Rc1 Re8 13. Rc2 Bd6 14. Rd2 Bb8 15. Qa1 Qe7 16. Rfd1 a6 17. Bf1 h6 18. Qb1 Qe6 19. Ba1 Qe7 20. g3 Qe6 21. Bg2 Rcd8 22. b4 c4 23. b5 Bd6 24. a4 a5 25. Re2 {1-0 Sirnik,B (2170)-Kragelj,I (2310) Nova Gorica op 03rd 1998 (6)}) ({RR} 10... Ne4 11. Bb2 Nxc3 12. Bxc3 Nd7 13. Bb2 Nf6 14. Ne5 Rc8 15. Rc1 Ne4 16. Rc2 Bd6 17. f3 Ng5 18. Qd2 Qe7 19. Re1 Ne6 20. Ra1 Rfd8 21. Ng4 h5 22. Nf2 Qh4 23. h3 Qg3 24. Rac1 Bb8 25. Qd3 {1-0 De Francesco,K (2295)-Voss,H (2065) Passau op 6th 1998 (6)}) 11. Bb2 Nc7 12. Qc2 Ne6 13. Rad1 Rc8 14. Qb1 Bd6 15. dxc5 bxc5 16. b4 c4 17. Nb5 Bb8 18. Qa1 Ne4 19. Be5 a6 20. Nc3 Bxe5 21. Nxe5 Nxc3 22. Qxc3 Qf6 23. Bg4 Rfe8 24. Rc1 Qg5 25. f4 Qe7 26. Nf3 Rcd8 27. Rfe1 Nc7 28. Nd4 Nb5 29. Qa1 Nd6 30. Bf3 Qd7 31. Rcd1 Re7 32. Rd2 Rde8 33. Nc2 Qf5 34. Red1 h6 35. Qc1 Qg6 36. Bxd5 c3 37. Rd3 Bxd5 38. Rxd5 Ne4 39. Rd8 Nd2 40. R1xd2 cxd2 41. Qxd2 Kh7 42. Rxe8 Rxe8 43. Qc3 Qe4 44. Kf2 Re6 45. Nd4 Rg6 46. g3 Qh1 47. Nf3 Qd1 48. Qc4 Rd6 49. Nd4 Qh1 50. Qxf7 Qxh2+ 51. Kf3 Rg6 52. Ne2 Qh3 53. e4 Rd6 54. Ke3 Rd1 55. Qb3 Re1 56. Kd2 Qf1 57. Qc4 Ra1 58. Qxa6 Qf2 59. Qc4 Qe1+ 60. Ke3 Rxa3+ 61. Kd4 Qd2+ 62. Ke5 Ra8 63. Nd4 Re8+ 64. Ne6 Qb2+ 65. Kd5 Rb8 66. Qd4 Qb3+ 67. Kd6 Qxg3 68. Qd5 Rxb4 0-1

[Event "45th Olympiad 2024"]
[Site "Budapest HUN"]
[Date "2024.09.13"]
[Round "3.6"]
[Board "2"]
[White "Van Foreest, Jorden"]
[Black "Moroni, Luca Jr"]
[Result "1-0"]
[WhiteElo "2696"]
[BlackElo "2558"]
[PlyCount "57"]
[EventDate "2024.09.11"]
[WhiteTeam "Netherlands"]
[BlackTeam "Italy"]
[WhiteTeamCountry "NED"]
[BlackTeamCountry "ITA"]

1. e4 c6 2. d4 d5 3. e5 Bf5 4. Nf3 e6 5. Be2 Nd7 6. O-O a5 7. Ne1 ({RR} 7. Nbd2 a4 8. Re1 a3 9. c4 Bb4 10. Qb3 Qa5 11. Rd1 Ne7 12. bxa3 Bc3 13. Bb2 Bxb2 14. Qxb2 Qxa3 15. Qb4 b6 16. Qxb6 Bd3 17. Qb7 Bc2 18. Re1 Ra7 19. Nb1 Rxb7 20. Nxa3 Be4 21. cxd5 exd5 {0-1 Seemann,J (2439)-Van Foreest,J (2680) II Menorca Open 2023 (2.3)}) 7... Ne7 ({RR} 7... a4 8. c3 Qb6 9. Bd3 Bg6 10. Nd2 Ne7 11. Ndf3 c5 12. Rb1 Bh5 13. Be3 Nc6 14. a3 Be7 15. h3 Qc7 16. Be2 Bg6 17. Bd3 Bh5 18. Be2 Bg6 19. Bd3 b5 20. g3 cxd4 21. cxd4 Nb6 22. Bxg6 {1-0 Dominguez Perez,L (2745)-Rapport,R (2748) 10th Sinquefield Cup 2023 (7.4)}) 8. c3 a4 $146 ({RR} 8... c5 9. Na3 Nc6 10. Nb5 a4 11. Be3 c4 12. Na3 b5 13. g4 Be4 14. f3 Bg6 15. f4 Be4 16. Bf3 Bxf3 17. Qxf3 Bxa3 18. bxa3 Qe7 19. Nc2 h5 20. Rab1 Na7 21. f5 g6 22. fxg6 fxg6 23. g5 {1-0 Zhu,J (2487)-Brunello,M (2348) Olympiad Women 2024 (3.5)}) 9. Na3 Bg6 10. Nd3 Nf5 11. Nc2 Be7 12. Nf4 b5 13. g3 Qb6 14. h4 h6 15. Nxg6 fxg6 16. h5 g5 17. Ne3 O-O-O 18. Bg4 Rdf8 19. Qd3 g6 20. b3 a3 21. Bd2 Kb8 22. Rac1 Rhg8 23. hxg6 Ng7 24. c4 h5 25. cxd5 hxg4 26. dxc6 Rh8 27. Qe4 Nf5 28. Nxf5 exf5 29. Qd5 1-0

[Event "45th Olympiad 2024"]
[Site "Budapest HUN"]
[Date "2024.09.13"]
[Round "3.7"]
[Board "1"]
[White "Stremavicius, Titas"]
[Black "Keymer, Vincent"]
[Result "1-0"]
[WhiteElo "2527"]
[BlackElo "2730"]
[PlyCount "69"]
[EventDate "2024.09.11"]
[WhiteTeam "Lithuania"]
[BlackTeam "Germany"]
[WhiteTeamCountry "LTU"]
[BlackTeamCountry "GER"]

1. d4 Nf6 2. c4 e6 3. Nf3 h6 4. g3 Bb4+ 5. Bd2 Be7 6. Bg2 d5 7. Qc2 O-O 8. O-O c6 9. Rd1 Nbd7 10. Bf4 a5 11. Nc3 b6 $146 ({RR} 11... dxc4 12. Nd2 Nb6 13. e4 a4 14. a3 Bd7 15. Re1 Re8 16. Rad1 Qc8 17. Nf3 c5 18. d5 exd5 19. exd5 Bf5 20. Qc1 Bf8 21. Ne5 Ng4 22. d6 Nxe5 23. Bxe5 Bd3 24. Nb5 Qf5 25. Qf4 Qxf4 26. Bxf4 {0-1 Samadov,R (2482)-Yu Yangyi (2735) Aimchess Rapid Div 3 W 2023 (2.1)}) ({RR} 11... dxc4 12. Nd2 Nb6 13. e4 Bd7 14. Nf3 Be8 15. Qe2 Rc8 16. Ne5 Bd6 17. Be3 Bb8 18. Rac1 Qe7 19. Nxc4 Nxc4 20. Qxc4 Ba7 21. h3 Bd7 22. Qe2 Rfd8 23. Na4 Be8 24. Nc5 Nh7 25. e5 f5 26. f4 {½-½ Can,E (2549)-Sadhwani,R (2654) 7th Sharjah Masters 2024 (6.19)}) ({RR} 11... dxc4 12. a4 Nd5 13. Bd2 b6 14. Rac1 Ba6 15. h4 Rc8 16. Nh2 N7f6 17. Qb1 c5 18. dxc5 Bxc5 19. Nxd5 Nxd5 20. Be4 c3 21. bxc3 Bxe2 22. Re1 Bc4 23. Rcd1 Qc7 24. Kg2 Rcd8 25. h5 Rd7 26. Qc1 {0-1 Levchenko,L (2193)-Lobanov,S (2516) Ugra Cup Rapid 2023 (8.11)}) 12. Ne5 Nxe5 13. dxe5 Nd7 14. cxd5 cxd5 15. e4 d4 16. Rxd4 g5 17. Be3 Bc5 18. Qe2 Qe8 19. Rd2 Ba6 20. Qd1 Nxe5 21. Bxc5 bxc5 22. f4 Nc4 23. Rf2 Ne3 24. Qf3 Nxg2 25. fxg5 hxg5 26. e5 Rb8 27. Ne4 f5 28. exf6 Bb7 29. Rxg2 Qg6 30. Re2 c4 31. Rf1 Bxe4 32. Rxe4 Rxb2 33. Rxe6 Qh7 34. f7+ Kh8 35. Qc3+ 1-0

[Event "45th Olympiad 2024"]
[Site "Budapest HUN"]
[Date "2024.09.13"]
[Round "3.7"]
[Board "2"]
[White "Bluebaum, Matthias"]
[Black "Pultinevicius, Paulius"]
[Result "1/2-1/2"]
[WhiteElo "2640"]
[BlackElo "2587"]
[PlyCount "118"]
[EventDate "2024.09.11"]
[WhiteTeam "Germany"]
[BlackTeam "Lithuania"]
[WhiteTeamCountry "GER"]
[BlackTeamCountry "LTU"]

1. d4 Nf6 2. c4 e6 3. Nc3 d5 4. cxd5 exd5 5. Bg5 c6 6. e3 h6 7. Bh4 Be7 8. Bd3 O-O 9. Nge2 Re8 10. O-O Nbd7 11. f3 b5 12. Rc1 Bb7 ({RR} 12... a5 13. Qd2 Ba6 14. Nd1 Qb6 15. Bf5 b4 16. Re1 a4 17. Nf2 Bf8 18. Ng4 c5 19. dxc5 Bxc5 20. Nd4 Nxg4 21. Bxd7 Rxe3 22. Rxc5 Rd3 23. Qc1 Rxd4 24. Rc6 Qa7 25. Rc7 Qb6 26. Qc6 Qxc6 27. Bxc6 {1-0 Del Rio de Angelis,S (2376)-Zwirs,N (2485) 1st Galdar Open 2024 (7.6)}) 13. Qd2 $146 ({RR} 13. Bf2 a6 14. h3 c5 15. dxc5 Nxc5 16. Nd4 Bf8 17. Nce2 Rc8 18. Bb1 Ne6 19. Qd2 Bc5 20. b3 b4 21. Rc2 Bd6 22. Rxc8 Qxc8 23. Rc1 Qd7 24. Bh4 Be7 25. Nf5 Bd8 26. Qxb4 Ng5 27. Qd6 a5 {1-0 Bluebaum,M (2647)-Perez Ponsa,F (2537) Titled Tuesday intern op 13th Sep Late blitz 2022 (7)}) ({RR} 13. Bf2 Rc8 14. Ng3 b4 15. Na4 c5 16. dxc5 Nxc5 17. Nxc5 Bxc5 18. Qd2 Qb6 19. Nf5 Ba6 20. Bxa6 Qxa6 21. b3 Qe6 22. Nd4 Bxd4 23. Qxd4 a5 24. Bg3 Rxc1 25. Rxc1 Qxe3+ 26. Qxe3 Rxe3 27. Kf2 Rc3 {1-0 Carlsen,M (2835)-Firouzja,A (2777) Bullet Chess Winners 2023 (3.17)}) 13... a6 14. Bf5 g6 15. Bh3 Nb6 16. b3 Nh7 17. Bxe7 Qxe7 18. Nd1 Ng5 19. Nf4 a5 20. Re1 a4 21. Nf2 axb3 22. axb3 Ra3 23. Rb1 Rea8 24. N4d3 Ra2 25. Rb2 Ra1 26. Nc5 R8a3 27. Reb1 R3a2 28. Qe1 Rxb1 29. Rxb1 h5 30. e4 dxe4 31. fxe4 Nxh3+ 32. Nxh3 Bc8 33. Nf2 Qg5 34. Qc3 b4 35. Qg3 Qd2 36. Rd1 Qb2 37. h3 Nd7 38. Na4 Qe2 39. Qf3 Qxf3 40. gxf3 Ba6 41. Nd3 Bxd3 42. Rxd3 h4 43. Nc5 Nxc5 44. dxc5 Rb2 45. Rd6 Rxb3 46. Kf2 Rc3 47. Rxc6 b3 48. Rb6 Kf8 49. Rb7 Ke8 50. c6 Kd8 51. e5 g5 52. Rxf7 Rxc6 53. Rb7 Rc3 54. e6 Ke8 55. Ke2 g4 56. fxg4 Rxh3 57. Kf2 Rg3 58. g5 Rxg5 59. Rxb3 Ke7 1/2-1/2

[Event "45th Olympiad 2024"]
[Site "Budapest HUN"]
[Date "2024.09.13"]
[Round "3.8"]
[Board "2"]
[White "Andersen, Mads"]
[Black "Howell, David W L"]
[Result "1/2-1/2"]
[WhiteElo "2598"]
[BlackElo "2677"]
[PlyCount "92"]
[EventDate "2024.09.11"]
[WhiteTeam "Denmark"]
[BlackTeam "England"]
[WhiteTeamCountry "DEN"]
[BlackTeamCountry "ENG"]

1. e4 e5 2. Nf3 Nc6 3. Bb5 Nf6 4. O-O Nxe4 5. Re1 Nd6 6. a4 Be7 7. Nc3 a6 8. Bf1 e4 9. Nxe4 Nxe4 10. Rxe4 d5 11. Re1 Bg4 12. h3 Bh5 13. c3 ({RR} 13. Be2 O-O 14. d4 Bd6 15. Ne5 Bxe2 16. Rxe2 Re8 17. Nxc6 bxc6 18. Rxe8+ Qxe8 19. Be3 Qe4 20. Qd2 Re8 21. Re1 Re6 22. Qc3 c5 23. Kf1 c4 24. Bd2 Qf5 25. b3 cxb3 26. Qxb3 h5 27. Rxe6 fxe6 {½-½ Caruana,F (2793)-Firouzja,A (2751) Saint Louis Rapid 2024 (7.5)}) 13... d4 14. d3 O-O 15. Be2 $146 ({RR} 15. Bd2 Bf6 16. c4 a5 17. g4 Bg6 18. Qb3 Rb8 19. Qb5 Qd6 20. Bxa5 Nxa5 21. Qxa5 Qf4 22. Kg2 h5 23. Qd2 Qd6 24. b4 hxg4 25. hxg4 c6 26. c5 Qd5 27. Qf4 Rbe8 28. Kg1 Bd8 29. Bg2 Rxe1+ {1-0 Narva,M (2418)-Injac,T (2411) World Chess Woman Summit 2024 (3.7)}) ({RR} 15. Bd2 Bxf3 16. Qxf3 Bg5 17. Rad1 Bxd2 18. Rxd2 Qd6 19. Rde2 Rad8 20. c4 Qb4 21. h4 Qxa4 22. g4 Qb4 23. Bg2 Qd6 24. g5 Rd7 25. h5 h6 26. Qf5 Re7 27. gxh6 Rxe2 28. h7+ Kh8 29. Rxe2 Qh6 {½-½ Giri,A (2745)-So,W (2757) SuperUnited CRO Rapid 2024 (2.5)}) 15... Bg6 16. Bf4 Re8 17. Bf1 Qd7 18. Qb3 Na5 19. Qa2 dxc3 20. bxc3 Bd6 21. Rxe8+ Rxe8 22. Qd5 Qf5 23. Qxf5 Bxf5 24. Be3 c5 25. Nd2 Rc8 26. g4 Bd7 27. Bg2 Kf8 28. Bd5 Be7 29. Nc4 Nxc4 30. dxc4 a5 31. Bxb7 Rb8 32. Ba6 Rb3 33. Bb5 Be6 34. Kg2 Bd6 35. Rd1 Ke7 36. Bg5+ f6 37. Bd2 Be5 38. Be3 Bd6 39. Bd2 Be5 40. Be3 Bd6 41. Re1 g5 42. Rc1 h6 43. Re1 Kf7 44. Rd1 Ke7 45. Re1 Kf7 46. Rd1 Ke7 1/2-1/2

[Event "45th Olympiad 2024"]
[Site "Budapest HUN"]
[Date "2024.09.13"]
[Round "3.8"]
[Board "4"]
[White "Olsen, Filip Boe"]
[Black "Jones, Gawain C B"]
[Result "1/2-1/2"]
[WhiteElo "2441"]
[BlackElo "2646"]
[PlyCount "128"]
[EventDate "2024.09.11"]
[WhiteTeam "Denmark"]
[BlackTeam "England"]
[WhiteTeamCountry "DEN"]
[BlackTeamCountry "ENG"]

1. d4 Nf6 2. Nf3 g6 3. Bf4 Bg7 4. e3 d6 5. h3 O-O 6. Be2 Nbd7 7. a4 ({RR} 7. Bh2 b6 8. O-O Bb7 9. a4 a6 10. Nbd2 Qe8 11. Nc4 Ne4 12. c3 e5 13. Qc2 Qe7 14. Rad1 Rad8 15. Ne1 Rfe8 16. d5 f5 17. f3 Nef6 18. e4 f4 19. b4 Kh8 20. Nd3 c6 21. dxc6 Bxc6 {0-1 Agrest,E (2593)-Guseinov,G (2643) PRO League Stage rapid 2017 (5)}) 7... b6 $146 ({RR} 7... Qe8 8. a5 e5 9. Bh2 a6 10. O-O Qe7 11. Re1 Re8 12. c4 Ne4 13. Nc3 Nxc3 14. bxc3 Kh8 15. Nd2 f5 16. Bf3 Rf8 17. Rb1 c6 18. Nb3 g5 19. Qc1 e4 20. Be2 Rf6 21. Qa3 Rg6 22. Nd2 {1-0 Eksmyr,J (2175)-Burwick,M (2245) SWE-chT 9596 1995}) ({RR} 7... a5 8. c3 b6 9. Na3 Bb7 10. O-O Re8 11. Bh2 e5 12. Nb5 exd4 13. cxd4 Nd5 14. Rc1 Rc8 15. Qb3 Nb4 16. Na7 Ra8 17. Nb5 Bd5 18. Bc4 Bxc4 19. Qxc4 Rc8 20. Na7 Ra8 21. Qxc7 Qxc7 22. Rxc7 {1-0 Mingo Fernandez,M (2177)-Ventura Bolet,M (2246) Titled Tue 10th Sep Early 2024 (6)}) ({RR} 7... Qe8 8. Bh2 e5 9. O-O Qe7 10. a5 a6 11. Na3 Re8 12. Re1 h6 13. c3 Nh7 14. b4 Ng5 15. Nc4 Nxf3+ 16. Bxf3 e4 17. Be2 d5 18. Nb2 Nf6 19. Na4 Be6 20. Qb3 Red8 21. c4 dxc4 22. Bxc4 {1-0 Ye,R (2490)-Ginting,N (2400) Kuala Lumpur zt 1990}) 8. O-O a5 9. Nc3 Bb7 10. Re1 e6 11. Bb5 Ne4 12. Nxe4 Bxe4 13. c3 h6 14. Bg3 Nf6 15. Nd2 Bb7 16. e4 e5 17. Bh4 Qc8 18. d5 Ba6 19. Bc6 Bb7 20. Bb5 Kh8 21. b4 Nh5 22. bxa5 bxa5 23. c4 Nf4 24. c5 dxc5 25. Be7 Rg8 26. Bxc5 c6 27. dxc6 Bxc6 28. Be3 Qd7 29. Qb3 Rgc8 30. Bxc6 Rxc6 31. Nf3 Qc7 32. Bxf4 exf4 33. Rab1 Rc4 34. e5 Re8 35. Qb5 Re7 36. h4 Rc5 37. Qb8+ Kh7 38. Qxc7 Rexc7 39. Rb5 Rxb5 40. axb5 Rb7 41. Rb1 Bf8 42. Nd2 Bb4 43. Nc4 Rxb5 44. Nxa5 Rxa5 45. Rxb4 g5 46. Rb7 Kg8 47. Rb6 Kg7 48. e6 f5 49. h5 Ra1+ 50. Kh2 Re1 51. f3 Re2 52. e7 Rxe7 53. Rg6+ Kh7 54. Rf6 Re5 55. Kg1 Ra5 56. Rf7+ Kg8 57. Rf6 Kg7 58. Rg6+ Kf7 59. Rxh6 g4 60. fxg4 fxg4 61. g3 Ra1+ 62. Kf2 Ra2+ 63. Kf1 Ra1+ 64. Kf2 Ra2+ 1/2-1/2

[Event "45th Olympiad 2024"]
[Site "Budapest HUN"]
[Date "2024.09.13"]
[Round "3.9"]
[Board "2"]
[White "Paichadze, Luka"]
[Black "Tabatabaei, M. Amin"]
[Result "1/2-1/2"]
[WhiteElo "2516"]
[BlackElo "2714"]
[PlyCount "72"]
[EventDate "2024.09.11"]
[WhiteTeam "Georgia"]
[BlackTeam "Iran"]
[WhiteTeamCountry "GEO"]
[BlackTeamCountry "IRI"]

1. e4 e5 2. Nf3 Nc6 3. d4 exd4 4. Nxd4 Nf6 5. Nxc6 bxc6 6. Bd3 d5 7. exd5 cxd5 8. O-O Be7 9. h3 O-O 10. Nd2 c5 ({RR} 10... a5 11. Re1 Bb7 12. Nf3 Ne4 13. Be3 Bf6 14. c3 a4 15. a3 c5 16. Qc2 Qb6 17. Re2 Ba6 18. Ne1 h6 19. Rd1 Rfd8 20. Bxa6 Qxa6 21. Nd3 Qc4 22. Ree1 d4 23. Ne5 Bxe5 24. Qxe4 Bf6 25. cxd4 {0-1 Jobava,B (2669)-Vallejo Pons,F (2705) ITA-chT 50th 2018 (5.1)}) 11. b3 Qc7 $146 ({RR} 11... Rb8 12. Nf3 h6 13. Re1 Be6 14. Ne5 Qb6 15. Qf3 Rfe8 16. a4 Rbc8 17. a5 Qb4 18. Bb2 c4 19. Bc3 Qc5 20. bxc4 dxc4 21. Bf5 Bxf5 22. Qxf5 Bd6 23. Re3 Bxe5 {½-½ Walterova,E (1804)-Bures,V (2144) Skalica op 2021 (1)}) ({RR} 11... Rb8 12. Re1 Rb6 13. Bb2 Bb7 14. a4 Nd7 15. Qg4 Bf6 16. Bxf6 Nxf6 17. Qh4 Re8 18. Nf3 Rb4 19. Qg3 Ne4 20. Bxe4 Rbxe4 21. Rxe4 dxe4 22. Nh2 Qd2 23. Ng4 Qd4 24. Re1 Bc8 25. Ne3 Be6 26. Rd1 {1-0 Socko,B (2551)-Salinas Herrera,P (2487) Bydgoszcz Open A 2024 (6.2)}) ({RR} 11... Be6 12. Bb2 a5 13. a4 Rb8 14. Bb5 Ne8 15. Qf3 Bf6 16. Bxf6 Nxf6 17. Rfe1 Qc7 18. Re2 Rfd8 19. Rae1 h6 {½-½ Jurcik,M (2333)-Bagi,M (2444) SVK-chT 1819 2018 (8.6)}) 12. Re1 h6 13. Bb2 Be6 14. Qf3 Rad8 15. Bf5 Bxf5 16. Qxf5 Qd7 17. Qf3 Nh7 18. Re2 Bf6 19. Bxf6 Nxf6 20. Rae1 Rfe8 21. Qd3 Rxe2 22. Rxe2 Re8 23. Rxe8+ Qxe8 24. Nf3 Qc6 25. Qe3 Kf8 26. Ne5 Qc7 27. Nd3 Nd7 28. Qd2 Nf6 29. Qe1 c4 30. Qe5 Qc8 31. Nb4 cxb3 32. axb3 Kg8 33. Nxd5 Nxd5 34. Qxd5 Qxc2 35. Qa8+ Kh7 36. Qxa7 Qxb3 1/2-1/2

[Event "45th Olympiad 2024"]
[Site "Budapest HUN"]
[Date "2024.09.13"]
[Round "3.9"]
[Board "4"]
[White "Pantsulaia, Levan"]
[Black "Movahed, Sina"]
[Result "1-0"]
[WhiteElo "2516"]
[BlackElo "2528"]
[PlyCount "95"]
[EventDate "2024.09.11"]
[WhiteTeam "Georgia"]
[BlackTeam "Iran"]
[WhiteTeamCountry "GEO"]
[BlackTeamCountry "IRI"]

1. Nf3 d5 2. g3 Nf6 3. Bg2 c5 4. O-O e6 5. d3 Nc6 6. Nbd2 Be7 7. e4 O-O 8. Re1 Qc7 9. e5 Nd7 10. Qe2 b5 11. h4 a5 12. Nf1 a4 13. a3 ({RR} 13. N1h2 a3 14. b3 c4 15. d4 Nb4 16. Bg5 Bxg5 17. hxg5 Ba6 18. Qd2 Qa5 19. Bf1 Rfc8 20. c3 Nd3 21. b4 Qc7 22. Re3 Nb2 23. Ng4 Nf8 24. Kg2 Ng6 25. Be2 Ne7 26. Bd1 Nf5 27. Re1 Kf8 {0-1 Amin,B (2694)-Erigaisi,A (2710) 56th Biel GM Blitz 2023 (8.3)}) 13... b4 14. Bf4 Ba6 15. Ne3 Qa5 $146 ({RR} 15... bxa3 16. bxa3 Nd4 17. Nxd4 cxd4 18. Nxd5 exd5 19. e6 Bd6 20. e7 Bxf4 21. exf8=Q+ Rxf8 22. gxf4 {1-0 Cacho Reigadas,S (2445)-Marca Esturnell,J Benasque op 17th 1997 (3)}) ({RR} 15... bxa3 16. bxa3 Qa5 17. c4 Nd4 18. Nxd4 cxd4 19. Nxd5 exd5 20. Bxd5 Nc5 21. Bd2 Qc7 22. Qg4 Bc8 23. Qh5 Rb8 24. Bb4 Be6 25. Bxc5 Qxc5 26. Be4 g6 27. Qh6 Rb6 28. f4 Rfb8 29. h5 Bf8 30. Qg5 {0-1 Antunes,L (2045)-Fernandez Cano,V (2007) Titled Tue 7th May Late 2024 (11)}) 16. h5 bxa3 17. bxa3 Nd4 18. Qd1 h6 19. c4 dxc4 20. Nxc4 Bxc4 21. Nxd4 cxd4 22. dxc4 Rad8 23. Bd2 Qc7 24. Qxa4 Rb8 25. Qc6 Qa7 26. Bb4 Rfc8 27. Qe4 Bxb4 28. axb4 Qb6 29. Bf1 Qxb4 30. Bd3 Nf8 31. Qxd4 Rd8 32. Qe3 Rbc8 33. Reb1 Qe7 34. Ra7 Rc7 35. Rba1 Rcd7 36. Be2 Rc8 37. Rxd7 Nxd7 38. Ra7 Qd8 39. Qd4 Nc5 40. Qxd8+ Rxd8 41. Rc7 Na6 42. Rc6 Nb8 43. Rd6 Rc8 44. Bf3 Kf8 45. Bb7 Rxc4 46. Rd8+ Ke7 47. Rxb8 Rb4 48. f4 1-0

[Event "45th Olympiad 2024"]
[Site "Budapest HUN"]
[Date "2024.09.13"]
[Round "3.10"]
[Board "1"]
[White "Peralta, Fernando"]
[Black "Duda, Jan-Krzysztof"]
[Result "0-1"]
[WhiteElo "2558"]
[BlackElo "2732"]
[PlyCount "70"]
[EventDate "2024.09.11"]
[WhiteTeam "Argentina"]
[BlackTeam "Poland"]
[WhiteTeamCountry "ARG"]
[BlackTeamCountry "POL"]

1. d4 Nf6 2. c4 c5 3. d5 g6 4. Nc3 Bg7 5. e4 d6 6. h3 O-O 7. Nf3 e6 8. Bd3 exd5 9. exd5 Re8+ 10. Be3 Rxe3+ 11. fxe3 Qe7 12. O-O Nbd7 13. Qe1 ({RR} 13. Qd2 Nh5 14. Qf2 Ne5 15. Be2 Nxf3+ 16. Bxf3 Nf6 17. Rae1 Nd7 18. Bg4 Bxc3 19. bxc3 Ne5 20. Bxc8 Rxc8 21. Qf6 Qxf6 22. Rxf6 Kf8 23. a4 Ke7 24. Rf4 h5 25. Rb1 Rc7 26. Kf1 Nd3 27. Re4+ Ne5 {1-0 Carlsen,M (2853)-Rapport,R (2745) Superbet Blitz 2023 (6.5)}) 13... h6 $146 ({RR} 13... b6 14. Qf2 Ba6 15. Rae1 Rf8 16. Kh1 Ne5 17. Nxe5 Qxe5 18. Qf4 Qe7 19. Qg5 h6 20. Qh4 Nxd5 21. Qxe7 Nxe7 22. Rc1 d5 23. b3 Rd8 24. Rfd1 Bxc3 25. Rxc3 dxc4 26. bxc4 Nf5 27. Bc2 Ng3+ 28. Kh2 {1-0 Navara,D (2679)-Hakobyan,A (2616) Titled Tue 16th Jan Early 2024 (10)}) ({RR} 13... Nh5 14. g4 Nhf6 15. Qf2 a6 16. a4 h5 17. g5 Ne8 18. Ne4 Be5 19. a5 Kg7 {1-0 Volkov,S (2454)-Ponkratov,P (2614) D.S. Shcherbin Mem Blitz 2024 (4.6)}) 14. Qf2 Nh7 15. Ne4 Ne5 16. Nxe5 Bxe5 17. Nc3 Bd7 18. Ne2 Be8 19. Nf4 Nf6 20. Rae1 Nd7 21. Bc2 a6 22. a4 b6 23. Nd3 Bg7 24. b4 cxb4 25. Nxb4 Ne5 26. Bb3 Qc7 27. Rd1 b5 28. c5 dxc5 29. d6 Qa7 30. Nd5 c4 31. Bc2 Rd8 32. Nf6+ Bxf6 33. Qxf6 Qxe3+ 34. Kh1 Qg5 35. Qxg5 hxg5 0-1

[Event "45th Olympiad 2024"]
[Site "Budapest HUN"]
[Date "2024.09.13"]
[Round "3.10"]
[Board "3"]
[White "Flores, Diego"]
[Black "Piorun, Kacper"]
[Result "0-1"]
[WhiteElo "2546"]
[BlackElo "2599"]
[PlyCount "90"]
[EventDate "2024.09.11"]
[WhiteTeam "Argentina"]
[BlackTeam "Poland"]
[WhiteTeamCountry "ARG"]
[BlackTeamCountry "POL"]

1. c4 e5 2. Nc3 Bb4 3. Nd5 a5 4. Nf3 d6 5. a3 Bc5 6. e3 c6 7. d4 Ba7 8. Nc3 Nd7 9. Be2 Ngf6 10. g4 exd4 $146 ({RR} 10... O-O 11. g5 Ne8 12. h4 Qe7 13. Qc2 f5 14. Bd2 Nc7 15. O-O-O e4 16. Ng1 b5 17. cxb5 cxb5 18. Nxb5 Nxb5 19. Bxb5 Rb8 20. Bc4+ d5 21. Bxd5+ Kh8 22. Ne2 Ba6 23. Nf4 Nb6 24. Ba2 Rfc8 25. Bc3 {0-1 Del Castilho,M (2304)-Duran Vega,S (2368) San Pedro de Macoris zt 2.3 2022 (6)}) ({RR} 10... O-O 11. g5 Ne8 12. h4 Qe7 13. Qc2 Nc7 14. Bd2 b5 15. dxe5 dxe5 16. Ne4 b4 17. Rg1 f5 18. gxf6 Nxf6 19. Nxf6+ Rxf6 20. Qe4 Bf5 21. Qxe5 Ne6 22. axb4 Bb8 23. Qc3 axb4 24. Qc1 Rxa1 25. Qxa1 {1-0 Kulaev,M (2341)-Pingin,A (2409) ch-RUS Junior 2024 (1.3)}) ({RR} 10... Nxg4 11. Rg1 Nf8 12. dxe5 Ng6 13. Qxd6 Bd7 14. Ne4 Bb8 15. Qc5 N4xe5 16. Nxe5 Nxe5 17. Rxg7 Qh4 18. Qd4 Qxh2 19. Rg5 c5 20. Nf6+ Kd8 21. Qd5 Ra6 22. Nxd7 Nxd7 23. Bd2 Be5 24. O-O-O Rd6 25. Qxb7 {½-½ Shevchenko,K (2633)-Ivanisevic,I (2582) EU-Cup 36th Struga 2021 (6.2)}) 11. exd4 d5 12. g5 Ne4 13. cxd5 Nxc3 14. bxc3 cxd5 15. Bd3 O-O 16. h4 Re8+ 17. Kf1 Nf8 18. Ne5 Be6 19. h5 Rc8 20. g6 Rxc3 21. Qf3 fxg6 22. hxg6 hxg6 23. Bd2 Rb3 24. Qf4 Bb8 25. Bc2 Rh3 26. Kg2 Rh5 27. Rxh5 gxh5 28. Rh1 Bxe5 29. dxe5 Bf7 30. Qg3 Qc7 31. Bd3 Qxe5 32. Bf4 Qf6 33. Bg5 Qe6 34. Rb1 b6 35. Rc1 Bg6 36. Bb5 Rc8 37. Rxc8 Qxc8 38. Be3 Qe6 39. Kh2 Qf6 40. Bg5 Qb2 41. a4 Be4 42. Be3 Qf6 43. Bg5 Qf5 44. Be8 Nh7 45. Bh6 Kf8 0-1

[Event "45th Olympiad 2024"]
[Site "Budapest HUN"]
[Date "2024.09.13"]
[Round "3.10"]
[Board "4"]
[White "Bartel, Mateusz"]
[Black "Sosa, Tomas ARG"]
[Result "0-1"]
[WhiteElo "2618"]
[BlackElo "2515"]
[PlyCount "114"]
[EventDate "2024.09.11"]
[WhiteTeam "Poland"]
[BlackTeam "Argentina"]
[WhiteTeamCountry "POL"]
[BlackTeamCountry "ARG"]

1. e4 e5 2. Nf3 Nc6 3. d4 exd4 4. Nxd4 Bc5 5. Nb3 Bb6 6. Qe2 a5 7. a4 d6 ({RR} 7... Nf6 8. Nc3 O-O 9. Be3 Bxe3 10. Qxe3 Nb4 11. O-O-O d5 12. exd5 Nfxd5 13. Nxd5 Nxd5 14. Qe5 c6 15. c4 Qf6 16. Qxf6 Nxf6 17. Bd3 Ng4 18. Rd2 Be6 19. Nc5 b6 20. Nxe6 fxe6 21. f3 Ne5 22. Re1 {0-1 Diaz Guerrero,J (2057)-Kazantzoglou,S (2139) Titled Tue 3rd Sep Late 2024 (2)}) 8. Be3 Bxe3 9. Qxe3 Be6 $146 ({RR} 9... Nf6 10. Nc3 Be6 11. Nd4 Bd7 12. O-O-O O-O 13. f3 Re8 14. g4 Nxd4 15. Qxd4 Bc6 16. Bc4 Nd7 17. h4 Qf6 18. Qe3 Nb6 19. Bb3 Rad8 20. g5 Qe5 21. h5 d5 22. g6 Qf6 23. gxf7+ Qxf7 24. h6 {1-0 Zawadzka,J (2435)-Trifan,A (2308) Arad op 11th 2018 (7)}) ({RR} 9... Nb4 10. Qd2 Nf6 11. Nxa5 Nxc2+ 12. Qxc2 Rxa5 13. Bb5+ c6 14. b4 Ra8 15. Bd3 O-O 16. O-O Ng4 17. Nd2 Qh4 18. Nf3 Qh5 19. a5 Be6 20. a6 bxa6 21. Qxc6 d5 22. Rxa6 Rac8 23. Qb5 Rb8 24. Rb6 {1-0 Paichadze,L (2564)-Hovhannisyan,R (2626) EU-ch 21st Reykjavik 2021 (11)}) 10. Nc3 Bxb3 11. cxb3 Nf6 12. Bc4 Nb4 13. O-O O-O 14. Rad1 Re8 15. Qg3 Qe7 16. Rfe1 Rad8 17. h3 c6 18. Re2 Qe5 19. Qe3 Nd7 20. Qa7 Qc5 21. Qxc5 Nxc5 22. f3 Rd7 23. Red2 Red8 24. h4 Kf8 25. Kf2 Nca6 26. f4 Nc7 27. Be2 d5 28. Bg4 Re7 29. Bf3 d4 30. e5 Ne6 31. Kg3 Red7 32. Ne4 d3 33. Bg4 Rd4 34. Bxe6 Rxe4 35. Bf5 Red4 36. Kf3 g6 37. Be4 f5 38. exf6 Kf7 39. g4 Kxf6 40. g5+ Kg7 41. h5 R8d7 42. h6+ Kf8 43. Ke3 c5 44. Rxd3 Nxd3 45. Rxd3 b6 46. Rxd4 cxd4+ 47. Ke2 Rf7 48. Kf3 Re7 49. b4 axb4 50. b3 Rc7 51. Ke2 Rf7 52. Kd3 Rxf4 53. Kxd4 Rg4 54. Kd5 Rxg5+ 55. Kc6 Re5 56. Bd3 Re6+ 57. Kb5 g5 0-1